000 00661nam a2200205Ia 4500
001 15447
003 GE_BSU
008 181216s||||||||xx |||||||||||||| ||und||
040 _cGE_BSU
080 _a821.353.1-1
100 _aჩიქოვანი,სიმონ
245 _aლექსები. პოემა
245 _cრედ.ვ.ჯავახაძე. მხატვ. ლ.გრიგოლია
260 _aთბილისი
260 _bსაბჭ. საქართველო
260 _c1960
300 _a558გვ.1ფ.პორტრ.22სმ.
653 _aლექსები. პოემა
942 _cBK
999 _c48550
_d48550